| 000 | 00356nam a2200121Ia 4500 | ||
|---|---|---|---|
| 008 | 191014s9999 xx 000 0 und d | ||
| 082 |
_a515.15 _bTAL |
||
| 100 |
_aDr.M.N.M.Talpur _920496 |
||
| 245 | 0 | _aCalculus and Analytical Geometry (For B.A/Bsc.Students) | |
| 260 |
_aPakistan _bAbdus Salam at Ferozsons Pvt Ltd _c1982 |
||
| 300 | _aIx,489 | ||
| 942 | _cBK | ||
| 999 |
_c531083 _d531083 |
||